00744cam a22002414a 45000010009000000050017000090080041000260100017000670200028000840400018001120410008001300420008001380800014001460820018001601000006001781010009001842450071001935040051002649060045003159420012003609990017003729520113003891234489720180208032514.0010312s2002 njua b 001 0 eng  a 2001024303 a0896038858 (alk. paper) aDLCcDLCdDLC aeng apcc a572.8 MUR00a572.8 MUR221 a6 aGJEN00aGene probes :cedited by Marilena Aquino de Muro and Ralph Rapley. aIncludes bibliographical references and index. a7bcbccorignewd1eocipf20gy-gencatlg 2ddccBK c42060d42060 00102udc40708PËKGa002b002cPËKGd2018-02-08l0o572.8 MURp002-2998935r2018-02-08w2018-02-08yBK